00440 2200169 4500001002100000005001500021035002000036245005000056100001700106250001700123300003200140260003300172082001100205084001700216020002200233650001500255INLIS00000000000044120240630090934 a0010-06240001501 aObat Tradisional untuk Ternak /cSiti Rokhani0 aSiti Rokhani acetakan ke-1 aiv, 52 hlm :bilus ;c21 cm aJakarta :bAzka Press,c2006 a636.08 a636.08 SIT o a978-979-154-050-0 4aPeternakan